| 000 | 00768nam a2200253 4500 | ||
|---|---|---|---|
| 001 | 110514 | ||
| 003 | ES-MaACL | ||
| 005 | 20260121063017.0 | ||
| 007 | t| | ||
| 008 | 061121s1986 sp r ||||1| spa d | ||
| 020 | _a84-339-3082-6 | ||
| 100 |
_aNabokov, Vladimir _9239142 |
||
| 245 | 1 | 0 |
_aPálido fuego / _cVladimir Nobakov ; traducción de Aurora Bernárdez. |
| 260 |
_aBarcelona : _bAnagrama, _cD. L. 1986. |
||
| 300 |
_a317 p. ; _c20 cm. |
||
| 490 | 1 |
_aPanorama de narrativas ; _v82 _9123642 |
|
| 490 | 1 | _aBiblioteca Nabokov | |
| 700 | 1 |
_aBernárdez, Aurora. _928270 |
|
| 830 | 0 | 0 |
_aPanorama de narrativas ; _v82 _9123642 |
| 830 | 0 |
_aBiblioteca Nabokov _9180243 |
|
| 852 |
_aES-MaACL _jL-10442 _bR.111949 |
||
| 942 | _2udc | ||
| 999 |
_c110514 _d110514 |
||